00682nam a22001937a 4500999001900000005001700019010001300036020002600049035001100075037001300086082000800099100005000107245007300157246006300230260005200293270009200345300002300437942002800460 c176312d17631220201214150956.0 aUR-10965 c180.00a9788194369929 aU-9520 bDBAD/PUB a841 qمحمد حنيف بشر بيجا پو ر ی  aیر مغا ن بشرcمحمد حنيف بشر بيجا پو ر ی  bYermughan-e-Bashar (Urdu)aby Mohd. Hanif Bashar Bijapuri  aN.Delhi bEducational Publishing Housec2019 ء aH.O.D1/16,Ansari Road,Darya ganj,bN.Delhie110002k45678285,23216162l0091-11-23211540 a160 ص c22 Cm(Hb) 2ddccURh841mش ا ہ